<?xml version="1.0" encoding="UTF-8"?>
<marc:record xmlns:marc="http://www.loc.gov/MARC21/slim">
   <marc:leader>00000nam a2200000 a 4500</marc:leader>
   <marc:datafield ind1="1" ind2=" " tag="100">
      <marc:subfield code="a">Gens, Klaus-Dieter</marc:subfield>
      <marc:subfield code="4">aut</marc:subfield>
      <marc:subfield code="e">Verfasser/-in</marc:subfield>
   </marc:datafield>
   <marc:datafield ind1=" " ind2=" " tag="653">
      <marc:subfield code="a">Kommunikationsverhalten</marc:subfield>
   </marc:datafield>
   <marc:datafield ind1=" " ind2=" " tag="653">
      <marc:subfield code="a">Einfühlung</marc:subfield>
   </marc:datafield>
   <marc:datafield ind1=" " ind2=" " tag="653">
      <marc:subfield code="a">Harmonie</marc:subfield>
   </marc:datafield>
   <marc:datafield ind1=" " ind2=" " tag="653">
      <marc:subfield code="a">Softcover</marc:subfield>
   </marc:datafield>
   <marc:datafield ind1=" " ind2=" " tag="653">
      <marc:subfield code="a">Karte</marc:subfield>
   </marc:datafield>
   <marc:datafield ind1=" " ind2=" " tag="653">
      <marc:subfield code="a">Lebens- und Kriesenbegleiter</marc:subfield>
   </marc:datafield>
   <marc:datafield ind1=" " ind2=" " tag="653">
      <marc:subfield code="a">Basiswissen</marc:subfield>
   </marc:datafield>
   <marc:datafield ind1=" " ind2=" " tag="653">
      <marc:subfield code="a">Achtsamkeit</marc:subfield>
   </marc:datafield>
   <marc:datafield ind1=" " ind2=" " tag="653">
      <marc:subfield code="a">GFK</marc:subfield>
   </marc:datafield>
   <marc:datafield ind1=" " ind2=" " tag="653">
      <marc:subfield code="a">Berufsalltag</marc:subfield>
   </marc:datafield>
   <marc:datafield ind1=" " ind2=" " tag="653">
      <marc:subfield code="a">Alltag</marc:subfield>
   </marc:datafield>
   <marc:datafield ind1=" " ind2=" " tag="653">
      <marc:subfield code="a">Empathie</marc:subfield>
   </marc:datafield>
   <marc:datafield ind1=" " ind2=" " tag="653">
      <marc:subfield code="a">Missverständnisse</marc:subfield>
   </marc:datafield>
   <marc:datafield ind1=" " ind2=" " tag="653">
      <marc:subfield code="a">Ratgeber</marc:subfield>
   </marc:datafield>
   <marc:datafield ind1="0" ind2="0" tag="245">
      <marc:subfield code="a">Mit dem Herzen hört man besser</marc:subfield>
   </marc:datafield>
   <marc:datafield ind1="0" ind2="0" tag="245">
      <marc:subfield code="b">eine Einladung zur gewaltfreien Kommunikation</marc:subfield>
   </marc:datafield>
   <marc:datafield ind1="0" ind2="0" tag="245">
      <marc:subfield code="c">Klaus-Dieter Gens</marc:subfield>
   </marc:datafield>
   <marc:datafield ind1=" " ind2="1" tag="264">
      <marc:subfield code="a">Paderborn</marc:subfield>
      <marc:subfield code="b">Junfermann</marc:subfield>
      <marc:subfield code="c">2007</marc:subfield>
   </marc:datafield>
   <marc:datafield ind1="1" ind2=" " tag="520">
      <marc:subfield code="a">Angaben aus der Verlagsmeldung

Mit dem Herzen hört man gut : Eine Einladung zur Gewaltfreien Kommunikation / von Klaus D Gens

Ein neues Grundlagenbuch über Gewaltfreie Kommunikation? Nicht ganz. Eher eines, das sich mit seiner klaren Struktur, seiner Kompaktheit und seinen leicht nachvollziehbaren Lernschritten als ständiger Lebens- und Krisenbegleiter anbietet. Dafür sprechen nicht nur das handliche Format und die vielen liebevollen und inspirierenden Illustrationen, sondern vor allem die einfache Sprache und die knappen Formulierungen, mit denen Autor Klaus-Dieter Gens die komplexe Welt der Gewaltfreien Kommunikation auf 96 Seiten zusammenfasst.

Das Ziel: eine effektive und zufriedenstellende Kommunikation im Berufs- und Alltagsleben – und dazu gehören Basiswissen über Grundannahmen, Haltung und den eigentlichen Prozess der Gewaltfreien Kommunikation. Schritt für Schritt erläutert der Autor den Weg zum Ziel, weist auf klassische Stolpersteine und typische Missverständnisse hin, erläutert Begriffe und lädt ein zum Ausprobieren: Hier profitieren die Leser von Klaus-Dieter Gens’ langjähriger Erfahrung als GFK-Trainer, der genau weiß, welches Schrittmaß er seinen Mitreisenden zutrauen kann.

Anfänger, Wiederholer, Neugierige, Pragmatiker, U-Bahn-Leser, Nachschlagefans, Schenkende und Beschenkte: Sie alle werden mit diesem Buch, das tatsächlich eher in die Tasche als ins Regal gehört, ihre Freude haben. Und nicht nur das: Sie haben die Gelegenheit, sich solides Basiswissen anzueignen, es anzuwenden – und bei Bedarf immer wieder schnell mal reinzuschauen. Am besten schon lange bevor es „kracht“.
</marc:subfield>
   </marc:datafield>
   <marc:datafield ind1=" " ind2=" " tag="020">
      <marc:subfield code="a">9783873876675</marc:subfield>
      <marc:subfield code="9">9783873876675</marc:subfield>
   </marc:datafield>
   <marc:datafield ind1=" " ind2=" " tag="020">
      <marc:subfield code="a">3873876671</marc:subfield>
      <marc:subfield code="9">3873876671</marc:subfield>
   </marc:datafield>
   <marc:datafield ind1=" " ind2=" " tag="041">
      <marc:subfield code="a">ger</marc:subfield>
   </marc:datafield>
   <marc:datafield ind1=" " ind2=" " tag="300">
      <marc:subfield code="a">95 S.</marc:subfield>
   </marc:datafield>
</marc:record>
